El activismo gay en la Ciudad de México. ¿Qué perspectivas para el militantismo gay en una sociedad líquida, normalizadora, digitalizada y pandémica? (Record no. 210810)

MARC details
000 -CABECERA
campo de control de longitud fija 01672 a2200241 4500
005 - FECHA Y HORA DE LA ÚLTIMA TRANSACCIÓN
campo de control 20240305103209.0
008 - ELEMENTOS DE LONGITUD FIJA--INFORMACIÓN GENERAL
campo de control de longitud fija 240123c2023 sp|fr|p|o|||| 00| 0 spa d
040 ## - FUENTE DE LA CATALOGACIÓN
Centro catalogador/agencia de origen UPN
Lengua de catalogación spa
Centro/agencia transcriptor UPN
Normas de descripción aacr2
100 1# - ASIENTO PRINCIPAL--NOMBRE PERSONAL
Nombre de persona Kasnik, Jan
9 (RLIN) 50859
245 13 - MENCIÓN DE TÍTULO
Título El activismo gay en la Ciudad de México. ¿Qué perspectivas para el militantismo gay en una sociedad líquida, normalizadora, digitalizada y pandémica?
Medio [recurso electrónico en línea]
506 0# - NOTA DE RESTRICCIONES AL ACCESO
Limitaciones de acceso Acceso abierto
520 3# - NOTA DE RESUMEN, ETC.
Sumario, etc. Este artículo parte de mi investigación de maestría sobre la evolución de los significados del activismo gay en la Ciudad de México con los usos de las redes sociales como Facebook por los hombres gays capitalinos y la pandemia de COVID-19. Se discuten los retos metodológicos implicados por el hecho de hacer una investigación social en tiempos de pandemia, antes de reflexionar sobre las perspectivas del activismo gay a partir del estudio de caso de la marcha del orgullo en la capital mexicana. Mi estudio cualitativo sugiere que el ecosistema activista gay mexicano se vuelve cada vez más híbrido y complejo, de acuerdo con las evoluciones más globales de nuestras sociedades -hasta cierto punto- líquidas.
650 #2 - ASIENTO SECUNDARIO DE MATERIA - TERMINO TEMATICO
9 (RLIN) 21805
Término de materia o nombre geográfico como elemento de entrada Facebook (recurso electrónico)
650 #0 - ASIENTO SECUNDARIO DE MATERIA - TERMINO TEMATICO
9 (RLIN) 48104
Término de materia o nombre geográfico como elemento de entrada COVID-19 (Enfermedad)
653 ## - TERMINO DE INDIZACION - NO CONTROLADO
Término no controlado Activismo gay
653 ## - TERMINO DE INDIZACION - NO CONTROLADO
Término no controlado Ciudad de México
653 ## - TERMINO DE INDIZACION - NO CONTROLADO
Término no controlado Ecosistema digital
773 0# - ENLACE AL DOCUMENTO FUENTE/ENTRADA DE REGISTRO ANFITRIÓN
Número Internacional Normalizado para Publicaciones Seriadas 2605-1982
Título Comunicación y género
Parte(s) relacionada(s) Vol. 6, no. 1 (2023), p. 27-37
856 4# - LOCALIZACIÓN Y ACCESO ELECTRÓNICOS
Identificador Uniforme del Recurso <a href="https://revistas.ucm.es/index.php/CGEN/article/view/82268/4564456566081">https://revistas.ucm.es/index.php/CGEN/article/view/82268/4564456566081</a>
856 4# - LOCALIZACIÓN Y ACCESO ELECTRÓNICOS
Identificador Uniforme del Recurso <a href="https://dx.doi.org/10.5209/cgen.82268">https://dx.doi.org/10.5209/cgen.82268</a>
902 ## - ELEMENTOS DE DATOS B LOCAL, LDB (RLIN)
Creó Gloria Jiménez/230124
942 ## - ELEMENTOS DE PUNTO DE ACCESO ADICIONAL (KOHA)
Tipo de ítem Koha Artículo Electrónico
Holdings
Estado de retiro Estado de pérdida Estado dañado No para préstamo Código de colección Localización permanente Ubicación/localización actual Ubicación en estantería Fecha de adquisición Total de préstamos Fecha visto por última vez Identificador Uniforme del Recurso Precio válido a partir de Tipo de ítem Koha
        Acceso abierto Bib. Gregorio Torres Quintero Bib. Gregorio Torres Quintero En línea 23/01/2024   23/01/2024 https://dx.doi.org/10.5209/cgen.82268 23/01/2024 Artículo Electrónico